[Event "Leutersdorf Sparkasse op 10th"]
[Site "Leutersdorf"]
[Date "2006.02.19"]
[Round "7"]
[White "Stopp, Paul"]
[Black "Gaier, Andreas"]
[Result "0-1"]
[WhiteElo "990"]
[BlackElo "1359"]
[PlyCount "150"]
[EventDate "2006.02.17"]
[EventType "swiss"]
[EventRounds "7"]
[EventCountry "GER"]
[SourceTitle "EXT 2007"]
[Source "ChessBase"]
[SourceDate "2006.11.23"]
[SourceVersion "1"]
[SourceVersionDate "2006.11.23"]
[SourceQuality "1"]

1. d4 Nf6 2. c4 d6 3. Nf3 g6 4. Nc3 Bg7 5. e4 0-0 6. Bd3 Nc6 7. 0-0 Bg4 8. h3 Bxf3 9. Qxf3 Nxd4 10. Qd1 e5 11. Nd5 c6 12. Nxf6+ Qxf6 13. Be3 c5 14. a3 Nc6 15. Qd2 a5 16. Bg5 Qe6 17. Be2 f6 18. Bh4 Nd4 19. Qd3 g5 20. Bg4 Qe7 21. Bg3 Rfb8 22. f3 Ra7 23. Bf2 b6 24. Bxd4 cxd4 25. g3 Rab7 26. f4 b5 27. b3 bxc4 28. Qxc4+ Kh8 29. Rab1 Rc7 30. Qd5 Rc3 31. Rf3 Rc5 32. Qe6 Qc7 33. Rbf1 gxf4 34. gxf4 exf4 35. Qd7 Qxd7 36. Bxd7 Rc3 37. Ba4 Rd8 38. h4 d5 39. Rxf4 dxe4 40. Rxe4 d3 41. Re3 Bh6 42. Ref3 Rc1 43. Rxc1 Bxc1 44. b4 axb4 45. axb4 d2 46. Rf1 Rg8+ 47. Kh1 Rg4 48. Rxf6 Rxh4+ 49. Kg2 Rxb4 50. Bd1 Kg7 51. Rc6 Re4 52. Rd6 Re5 53. Kf3 h5 54. Kf4 Ra5 55. Rd7+ Kf6 56. Kg3 Rg5+ 57. Kh4 Re5 58. Bxh5 Rc5 59. Bd1 Rc4+ 60. Kg3 Rc8 61. Bg4 Rg8 62. Kf3 Kg5 63. Kg3 Kf6 64. Kh3 Ke5 65. Bd1 Kf4 66. Rd4+ Ke3 67. Rd7 Bb2 68. Rb7 Rg1 69. Ba4 Ra1 70. Bc2 Bc3 71. Kg4 Bd4 72. Re7+ Kf2 73. Kf4 d1Q 74. Bxd1 Rxd1 75. Rd7 Be3+ 0-1

[Event "Leutersdorf Sparkasse op 10th"]
[Site "Leutersdorf"]
[Date "2006.02.17"]
[Round "2"]
[White "Gaier, Andreas"]
[Black "Pantlowsky, Luisa"]
[Result "1-0"]
[WhiteElo "1359"]
[BlackElo "1074"]
[PlyCount "65"]
[EventDate "2006.02.17"]
[EventType "swiss"]
[EventRounds "7"]
[EventCountry "GER"]
[SourceTitle "EXT 2007"]
[Source "ChessBase"]
[SourceDate "2006.11.23"]
[SourceVersion "1"]
[SourceVersionDate "2006.11.23"]
[SourceQuality "1"]

1. d4 d5 2. Nf3 Nc6 3. Bf4 Nf6 4. e3 a6 5. Bd3 Bg4 6. Nbd2 e6 7. h3 Bh5 8. 0-0 Bd6 9. Bxd6 Qxd6 10. a3 e5 11. dxe5 Nxe5 12. Be2 Bxf3 13. Nxf3 Ng6 14. c4 c6 15. Qb3 b5 16. cxd5 Nxd5 17. Rfd1 Qf6 18. Rac1 0-0 19. Nd4 Nde7 20. Bf3 Rac8 21. a4 Nh4 22. Bg4 Rb8 23. axb5 axb5 24. g3 Nhg6 25. Bf3 Rbc8 26. Rc2 Ne5 27. Bg2 Qg6 28. Rdc1 Rc7 29. Rd1 Nf5 30. Rc5 Nxd4 31. Rxd4 Qb1+ 32. Rd1 Qf5 33. Qc3 1-0

[Event "Leutersdorf Sparkasse op 10th"]
[Site "Leutersdorf"]
[Date "2006.02.17"]
[Round "1"]
[White "Sonntag, Hermann"]
[Black "Gaier, Andreas"]
[Result "1-0"]
[WhiteElo "1918"]
[BlackElo "1359"]
[PlyCount "71"]
[EventDate "2006.02.17"]
[EventType "swiss"]
[EventRounds "7"]
[EventCountry "GER"]
[SourceTitle "EXT 2007"]
[Source "ChessBase"]
[SourceDate "2006.11.23"]
[SourceVersion "1"]
[SourceVersionDate "2006.11.23"]
[SourceQuality "1"]

1. e4 d6 2. d4 Nf6 3. Nc3 g6 4. Be3 Bg7 5. f3 0-0 6. Qd2 b6 7. 0-0-0 c6 8. g4 Nbd7 9. h4 Qc7 10. h5 Bb7 11. Bh6 Rfd8 12. Bxg7 Kxg7 13. hxg6 fxg6 14. Qh6+ Kg8 15. Nh3 Nf8 16. Nf4 e6 17. g5 Ne8 18. Bh3 Bc8 19. Rhf1 Qg7 20. Qh4 e5 21. dxe5 Bxh3 22. Qxh3 Qxe5 23. Qg4 Ng7 24. Nd3 Qe6 25. Qg2 Nh5 26. f4 d5 27. f5 gxf5 28. exf5 Qe3+ 29. Kb1 Re8 30. Qg4 Ng7 31. f6 Re4 32. Nxe4 dxe4 33. fxg7 exd3 34. gxf8Q+ Rxf8 35. Rxf8+ Kxf8 36. Rxd3 1-0